Word Ladder: Mystery Theme III Quiz Stats

 Plays Quiz Updated Mar 15, 2012

Challenge
Share
Tweet
Embed
Score 0/22 Timer 02:00
1 Play Today
Clue Word % Correct
● A winged animal ●● BIRD ●
97.1%
A group of musiciansBAND
96.9%
A grade below 50%FAIL
95.1%
● To lose balance ●● FALL ●
94.7%
Body part you stand onFOOT
94.6%
● A financial institution ●● BANK ●
94.2%
Thin, flexible sheet for wrapping foodFOIL
92.8%
● A sphere ●● BALL●
91.5%
To restrain someoneBIND
89.6%
To trick or deceiveFOOL
88.8%
Chimney residueSOOT
87.2%
Clue Word % Correct
● Foot apparel ●● SHOE ●
85.7%
To be unwilling to accept an ideaBALK
81.9%
To display an objectSHOW
81.6%
The main storylinePLOT
81.1%
● A permanent army post ●● FORT ●
77%
To organizeSORT
76.9%
An allotted place in an arrangementSLOT
71%
● To turn up the earth of an area of land ●● PLOW ●
64.8%
Dumb, unintelligentSLOW
59.8%
The small, sour fruit of a blackthornSLOE
54.9%
COMMON BOND TO ● WORDS❄ SNOW ❄
20.3%

Today's Daily Dose

Missing Word
'F' Pairs

Word Ladder
Mixed Synonyms

On This Day
August 15th II

You're not logged in!

Compare scores with friends on all Sporcle quizzes.
Join for Free
OR
Log In

You Might Also Like...

Show Comments

Extras

Top Quizzes Today


Score Distribution

Your Account Isn't Verified!

In order to create a playlist on Sporcle, you need to verify the email address you used during registration. Go to your Sporcle Settings to finish the process.

Report this User

Report this user for behavior that violates our Community Guidelines.

Details: